| 000 | 00366nam a2200133Ia 4500 | ||
|---|---|---|---|
| 008 | 240624s9999 xx 000 0 und d | ||
| 041 | _aeng | ||
| 082 | _a659.1 SAX | ||
| 100 | _aSAXENA GIRISH | ||
| 245 | _aADVANCED MEDIA AND COMMUNICATION MANAGEM | ||
| 260 |
_c2010 _aDelhi _bVista International Publishing House |
||
| 300 | _a304 : p. : cm. ; 21 | ||
| 365 |
_cRS _b20 |
||
| 999 |
_c16021 _d16021 |
||